<A> Project-making on Preparation of Educational and Training Courses for Entrepreneurs of Small and Medium-sized Businesses in Slovakia
Celkový význam malých a stredných firiem na Slovensku vo vzťahu k dosahovaným ekonomickým výsledkom a spoločenskej klíme. Úspech firiem v závislosti na kompetencii ich majiteľov, manažérov a pracovníkov. Prehľad o vzdelávacích inštitúciách pôsobiacich na trhu ďalšieho vzdelávania zamestnancov v malý...
Uložené v:
| Hlavný autor: | |
|---|---|
| Médium: | Kapitola |
| Jazyk: | English |
| Predmet: | |
| Tagy: |
Žiadne tagy, Buďte prvý, kto otaguje tento záznam!
|
MARC
| LEADER | 00000naa a2200000 4500 | ||
|---|---|---|---|
| 001 | r028186 | ||
| 005 | 20230918075010.3 | ||
| 041 | 0 | |a eng | |
| 044 | |a SK | ||
| 245 | 1 | 0 | |a <A> Project-making on Preparation of Educational and Training Courses for Entrepreneurs of Small and Medium-sized Businesses in Slovakia |c Ján Porvazník |
| 520 | |a Celkový význam malých a stredných firiem na Slovensku vo vzťahu k dosahovaným ekonomickým výsledkom a spoločenskej klíme. Úspech firiem v závislosti na kompetencii ich majiteľov, manažérov a pracovníkov. Prehľad o vzdelávacích inštitúciách pôsobiacich na trhu ďalšieho vzdelávania zamestnancov v malých a stredných firmách. Projektovanie prípravy na podnikanie. Adekvátne formy výučby a tréningu v danej oblasti prípravy. | ||
| 610 | 2 | 0 | |a podnikanie |
| 610 | 2 | 0 | |a podnik malý |
| 610 | 2 | 0 | |a podnik stredný |
| 610 | 2 | 0 | |a Slovensko |
| 610 | 2 | 0 | |a vzdelávanie ďalšie |
| 610 | 2 | 0 | |a príprava odborná |
| 610 | 2 | 0 | |a Centrum ďalšieho vzdelávania Ekonomickej univerzity v Bratislave |
| 610 | 2 | 0 | |a kurzy |
| 610 | 2 | 0 | |a výučba vedecká |
| 100 | 1 | |a Porvazník, Ján | |